<?xml version="1.0" encoding="UTF-8"?>
<record
    xmlns:xsi="http://www.w3.org/2001/XMLSchema-instance"
    xsi:schemaLocation="http://www.loc.gov/MARC21/slim http://www.loc.gov/standards/marcxml/schema/MARC21slim.xsd"
    xmlns="http://www.loc.gov/MARC21/slim">

  <leader>04231nam a2200637 a 4500</leader>
  <controlfield tag="005">20200104041514.0</controlfield>
  <controlfield tag="008">140221b1995    ck ||||| |||| 00| 0 spa d</controlfield>
  <datafield tag="040" ind1=" " ind2=" ">
    <subfield code="a">CO-BoIAVH</subfield>
    <subfield code="c">CO-BoIAVH</subfield>
  </datafield>
  <datafield tag="041" ind1=" " ind2=" ">
    <subfield code="a">spa</subfield>
  </datafield>
  <datafield tag="044" ind1=" " ind2=" ">
    <subfield code="a">ck</subfield>
  </datafield>
  <datafield tag="090" ind1=" " ind2=" ">
    <subfield code="a">LB</subfield>
    <subfield code="b">00721</subfield>
  </datafield>
  <datafield tag="110" ind1=" " ind2=" ">
    <subfield code="b">Colombia. Ministerio del Medio Ambiente</subfield>
    <subfield code="9">42170</subfield>
  </datafield>
  <datafield tag="245" ind1=" " ind2=" ">
    <subfield code="a">Conservaci&#xF3;n y manejo para el uso m&#xFA;ltiple y el desarrollo de los manglares en Colombia</subfield>
  </datafield>
  <datafield tag="260" ind1=" " ind2=" ">
    <subfield code="a">Bogot&#xE1;</subfield>
    <subfield code="b">El Ministerio</subfield>
    <subfield code="b">OITM</subfield>
    <subfield code="c">1995</subfield>
  </datafield>
  <datafield tag="300" ind1=" " ind2=" ">
    <subfield code="a">30 vol.</subfield>
  </datafield>
  <datafield tag="505" ind1=" " ind2=" ">
    <subfield code="a">Vol. 1: Metodolog&#xED;a seleccionada para los estudios bi&#xF3;ticos y abi&#xF3;ticos</subfield>
  </datafield>
  <datafield tag="505" ind1=" " ind2=" ">
    <subfield code="a">Vol. 2: Metodolog&#xED;a seleccionada para los estudios sociales, econ&#xF3;micos y antropol&#xF3;gos</subfield>
  </datafield>
  <datafield tag="505" ind1=" " ind2=" ">
    <subfield code="a">Vol. 3: Elementos metodol&#xF3;gicos para la determinaci&#xF3;n de unidades de manejo, zonificaci&#xF3;n y planeaci&#xF3;n estrat&#xE9;gica</subfield>
  </datafield>
  <datafield tag="505" ind1=" " ind2=" ">
    <subfield code="a">Vol. 4: Estado de los manglares del Archipi&#xE9;lago de San Andr&#xE9;s, Providencia y Santa Catalina</subfield>
  </datafield>
  <datafield tag="505" ind1=" " ind2=" ">
    <subfield code="a">Vol. 5: Estrategias de manejo para los manglares del Archipi&#xE9;lago de San Andr&#xE9;s y Santa Catalina</subfield>
  </datafield>
  <datafield tag="505" ind1=" " ind2=" ">
    <subfield code="a">Vol. 6: El Mangle Nato, Mora oleifera (Triana) Ducke (Caesalpinaceae): s&#xED;ntesis bioecol&#xF3;gica</subfield>
  </datafield>
  <datafield tag="505" ind1=" " ind2=" ">
    <subfield code="a">Vol. 7: Gu&#xED;a de campo para el estudio de la din&#xE1;mica de los manglares en Colombia</subfield>
  </datafield>
  <datafield tag="505" ind1=" " ind2=" ">
    <subfield code="a">Vol. 8: Memoria de los mapas de los bosques de manglar del Pac&#xED;fico colombiano: 1969, 1996 y multitemporal</subfield>
  </datafield>
  <datafield tag="505" ind1=" " ind2=" ">
    <subfield code="a">Vol. 9: Bibliograf&#xED;a sobe el conocimiento de los ecosistemas de Manglar en Colombia</subfield>
  </datafield>
  <datafield tag="505" ind1=" " ind2=" ">
    <subfield code="a">Vol. 10: Centro de Documentaci&#xF3;n e Informaci&#xF3;n sobre Manglares</subfield>
  </datafield>
  <datafield tag="505" ind1=" " ind2=" ">
    <subfield code="a">Vol. 11: Memorias de los mapas de los bosques de manglar del Caribe Continental colombiano: 1996</subfield>
  </datafield>
  <datafield tag="505" ind1=" " ind2=" ">
    <subfield code="a">Vol. 12: Comunidades negras e ind&#xED;genas del Pac&#xED;fico colombiano y su relaci&#xF3;n con los Manglares: una aproximaci&#xF3;n etnogr&#xE1;fica</subfield>
  </datafield>
  <datafield tag="505" ind1=" " ind2=" ">
    <subfield code="a">Vol. 13: Estudio de la din&#xE1;mica de crecimiento, capacidad de regeneraci&#xF3;n y aspectos fenol&#xF3;gicos de los manglares en la Costa Pac&#xED;fica Colombiana</subfield>
  </datafield>
  <datafield tag="505" ind1=" " ind2=" ">
    <subfield code="a">Vol. 14: Estudio de la din&#xE1;mica de crecimiento, capacidad de regeneraci&#xF3;n y aspectos fenol&#xF3;gicos de los manglares en la Costa Caribe colombiana</subfield>
  </datafield>
  <datafield tag="505" ind1=" " ind2=" ">
    <subfield code="a">Vol. 16: Inventario preliminar de la avifauna de los maglares del Caribe colombiano</subfield>
  </datafield>
  <datafield tag="505" ind1=" " ind2=" ">
    <subfield code="a">Vol. 18: Transformaci&#xF3;n de los ecosistemas de manglar en la Isla de Bar&#xFA; (Cartagena de Indias, Bolivia)</subfield>
  </datafield>
  <datafield tag="505" ind1=" " ind2=" ">
    <subfield code="a">Vol. 19: Aspectos fitosanitarios de los manglares de la Ci&#xE9;naga de la Caimanera (Sucre)</subfield>
  </datafield>
  <datafield tag="505" ind1=" " ind2=" ">
    <subfield code="a">Vol. 20: Restauraci&#xF3;n de las &#xE1;reas de manglar en el Caribe continental de Colombia</subfield>
  </datafield>
  <datafield tag="505" ind1=" " ind2=" ">
    <subfield code="a">Vol. 22: Din&#xE1;mica de crecimiento de los manglares del Caribe Continental colombiano: 1996-1998</subfield>
  </datafield>
  <datafield tag="505" ind1=" " ind2=" ">
    <subfield code="a">Vol. 23: Din&#xE1;mica de crecimiento, regeneraci&#xF3;n natural y fenolog&#xED;a de los manglares del Pac&#xED;fico continental de Colombia: 1996-1998</subfield>
  </datafield>
  <datafield tag="505" ind1=" " ind2=" ">
    <subfield code="a">Vol. 24: Centro de Documentaci&#xF3;n e Informaci&#xF3;n sobre Manglares, complemeto 1</subfield>
  </datafield>
  <datafield tag="505" ind1=" " ind2=" ">
    <subfield code="a">Vol. 25: Fenolog&#xED;a y regeneraci&#xF3;n natural de los Manglares del Carube Continental de Colombia: 1996-1998</subfield>
  </datafield>
  <datafield tag="505" ind1=" " ind2=" ">
    <subfield code="a">Vol. 26: Monitoreo en aguas de los manglares del Caribe Continental colombiano</subfield>
  </datafield>
  <datafield tag="505" ind1=" " ind2=" ">
    <subfield code="a">Vol. 27: Monitoreo y caracterizaci&#xF3;n de las aguas en los manglares del Pac&#xED;fico colombiano </subfield>
  </datafield>
  <datafield tag="505" ind1=" " ind2=" ">
    <subfield code="a">Vol. 28: Comunidades negras del Pac&#xED;fico colombiano en &#xE1;reas de manglar, aspectos sociales, econ&#xF3;micos y culturales</subfield>
  </datafield>
  <datafield tag="505" ind1=" " ind2=" ">
    <subfield code="a">Vol. 29: moluscos y crustaceos asociados a los manglares del Pac&#xED;fico colombiano y aprovechados por las comunidades negras</subfield>
  </datafield>
  <datafield tag="505" ind1=" " ind2=" ">
    <subfield code="a">Vol. 30: actividades de viveros comunitarios, transplante y desarrollo biol&#xF3;gico de los manglares en la Costa Caribe colombiana</subfield>
  </datafield>
  <datafield tag="650" ind1=" " ind2=" ">
    <subfield code="a">Conservaci&#xF3;n de biodiversidad</subfield>
    <subfield code="9">345</subfield>
  </datafield>
  <datafield tag="650" ind1=" " ind2=" ">
    <subfield code="a">Manglar</subfield>
    <subfield code="9">3652</subfield>
  </datafield>
  <datafield tag="650" ind1=" " ind2=" ">
    <subfield code="a">Uso de biodiversidad</subfield>
    <subfield code="9">343</subfield>
  </datafield>
  <datafield tag="650" ind1=" " ind2=" ">
    <subfield code="a">Parcelas permanentes de investigaci&#xF3;n</subfield>
    <subfield code="9">7441</subfield>
  </datafield>
  <datafield tag="650" ind1=" " ind2=" ">
    <subfield code="a">Fenolog&#xED;a</subfield>
    <subfield code="9">42172</subfield>
  </datafield>
  <datafield tag="650" ind1=" " ind2=" ">
    <subfield code="a">Producci&#xF3;n</subfield>
    <subfield code="9">42173</subfield>
  </datafield>
  <datafield tag="650" ind1=" " ind2=" ">
    <subfield code="a">Crecimiento</subfield>
    <subfield code="9">8535</subfield>
  </datafield>
  <datafield tag="650" ind1=" " ind2=" ">
    <subfield code="a">Ecolog&#xED;a de ecosistemas</subfield>
    <subfield code="9">3654</subfield>
  </datafield>
  <datafield tag="650" ind1=" " ind2=" ">
    <subfield code="a">Indices de diversidad</subfield>
    <subfield code="9">3559</subfield>
  </datafield>
  <datafield tag="650" ind1=" " ind2=" ">
    <subfield code="a">Ecolog&#xED;a de poblaciones</subfield>
    <subfield code="9">3557</subfield>
  </datafield>
  <datafield tag="662" ind1=" " ind2=" ">
    <subfield code="a">Colombia</subfield>
  </datafield>
  <datafield tag="710" ind1=" " ind2=" ">
    <subfield code="a">^aOrganizaci&#xF3;n Internacional de Maderas Tropicales</subfield>
    <subfield code="9">3918</subfield>
  </datafield>
  <datafield tag="942" ind1=" " ind2=" ">
    <subfield code="c">INFORME</subfield>
    <subfield code="2">z</subfield>
  </datafield>
  <datafield tag="999" ind1=" " ind2=" ">
    <subfield code="c">736</subfield>
    <subfield code="d">736</subfield>
  </datafield>
  <datafield tag="952" ind1=" " ind2=" ">
    <subfield code="0">0</subfield>
    <subfield code="1">0</subfield>
    <subfield code="2">z</subfield>
    <subfield code="4">0</subfield>
    <subfield code="7">0</subfield>
    <subfield code="8">GENERAL</subfield>
    <subfield code="I">INV2017</subfield>
    <subfield code="a">Bogota</subfield>
    <subfield code="b">Bogota</subfield>
    <subfield code="d">1998-10-07</subfield>
    <subfield code="l">0</subfield>
    <subfield code="o">LB-00721</subfield>
    <subfield code="p">001035</subfield>
    <subfield code="r">2012-12-04 00:00:00</subfield>
    <subfield code="t">V.1-3 Ej.1</subfield>
    <subfield code="w">2012-12-04</subfield>
    <subfield code="x">Donaci&#xF3;n</subfield>
    <subfield code="y">INFORME</subfield>
  </datafield>
  <datafield tag="952" ind1=" " ind2=" ">
    <subfield code="0">0</subfield>
    <subfield code="1">0</subfield>
    <subfield code="2">z</subfield>
    <subfield code="4">0</subfield>
    <subfield code="7">0</subfield>
    <subfield code="8">GENERAL</subfield>
    <subfield code="I">INV2017</subfield>
    <subfield code="a">Bogota</subfield>
    <subfield code="b">Bogota</subfield>
    <subfield code="d">1998-10-07</subfield>
    <subfield code="l">0</subfield>
    <subfield code="o">LB-00721</subfield>
    <subfield code="p">001036</subfield>
    <subfield code="r">2012-12-04 00:00:00</subfield>
    <subfield code="t">V.4-5 Ej.1</subfield>
    <subfield code="w">2012-12-04</subfield>
    <subfield code="x">Donaci&#xF3;n</subfield>
    <subfield code="y">INFORME</subfield>
  </datafield>
  <datafield tag="952" ind1=" " ind2=" ">
    <subfield code="0">0</subfield>
    <subfield code="1">0</subfield>
    <subfield code="2">z</subfield>
    <subfield code="4">0</subfield>
    <subfield code="7">0</subfield>
    <subfield code="8">GENERAL</subfield>
    <subfield code="I">INV2017</subfield>
    <subfield code="a">Bogota</subfield>
    <subfield code="b">Bogota</subfield>
    <subfield code="d">1998-10-07</subfield>
    <subfield code="l">0</subfield>
    <subfield code="o">LB-00721</subfield>
    <subfield code="p">001037</subfield>
    <subfield code="r">2012-12-04 00:00:00</subfield>
    <subfield code="t">V.6 Ej.1</subfield>
    <subfield code="w">2012-12-04</subfield>
    <subfield code="x">Donaci&#xF3;n</subfield>
    <subfield code="y">INFORME</subfield>
  </datafield>
  <datafield tag="952" ind1=" " ind2=" ">
    <subfield code="0">0</subfield>
    <subfield code="1">0</subfield>
    <subfield code="2">z</subfield>
    <subfield code="4">0</subfield>
    <subfield code="7">0</subfield>
    <subfield code="8">GENERAL</subfield>
    <subfield code="I">INV2017</subfield>
    <subfield code="a">Bogota</subfield>
    <subfield code="b">Bogota</subfield>
    <subfield code="d">1998-10-07</subfield>
    <subfield code="l">0</subfield>
    <subfield code="o">LB-00721</subfield>
    <subfield code="p">001038</subfield>
    <subfield code="r">2012-12-04 00:00:00</subfield>
    <subfield code="t">V.7 Ej.1</subfield>
    <subfield code="w">2012-12-04</subfield>
    <subfield code="x">Donaci&#xF3;n</subfield>
    <subfield code="y">INFORME</subfield>
  </datafield>
  <datafield tag="952" ind1=" " ind2=" ">
    <subfield code="0">0</subfield>
    <subfield code="1">0</subfield>
    <subfield code="2">z</subfield>
    <subfield code="4">0</subfield>
    <subfield code="7">0</subfield>
    <subfield code="8">GENERAL</subfield>
    <subfield code="I">INV2017</subfield>
    <subfield code="a">Bogota</subfield>
    <subfield code="b">Bogota</subfield>
    <subfield code="d">1998-10-07</subfield>
    <subfield code="l">0</subfield>
    <subfield code="o">LB-00721</subfield>
    <subfield code="p">001039</subfield>
    <subfield code="r">2012-12-04 00:00:00</subfield>
    <subfield code="t">V.8 Ej.1</subfield>
    <subfield code="w">2012-12-04</subfield>
    <subfield code="x">Donaci&#xF3;n</subfield>
    <subfield code="y">INFORME</subfield>
  </datafield>
  <datafield tag="952" ind1=" " ind2=" ">
    <subfield code="0">0</subfield>
    <subfield code="1">0</subfield>
    <subfield code="2">z</subfield>
    <subfield code="4">0</subfield>
    <subfield code="7">0</subfield>
    <subfield code="8">GENERAL</subfield>
    <subfield code="I">INV2017</subfield>
    <subfield code="a">Bogota</subfield>
    <subfield code="b">Bogota</subfield>
    <subfield code="d">1998-10-07</subfield>
    <subfield code="l">0</subfield>
    <subfield code="o">LB-00721</subfield>
    <subfield code="p">001040</subfield>
    <subfield code="r">2012-12-04 00:00:00</subfield>
    <subfield code="t">V.10 Ej.1</subfield>
    <subfield code="w">2012-12-04</subfield>
    <subfield code="x">Donaci&#xF3;n</subfield>
    <subfield code="y">INFORME</subfield>
  </datafield>
  <datafield tag="952" ind1=" " ind2=" ">
    <subfield code="0">0</subfield>
    <subfield code="1">0</subfield>
    <subfield code="2">z</subfield>
    <subfield code="4">0</subfield>
    <subfield code="7">0</subfield>
    <subfield code="8">GENERAL</subfield>
    <subfield code="I">INV2017</subfield>
    <subfield code="a">Bogota</subfield>
    <subfield code="b">Bogota</subfield>
    <subfield code="d">1998-10-07</subfield>
    <subfield code="l">0</subfield>
    <subfield code="o">LB-00721</subfield>
    <subfield code="p">001041</subfield>
    <subfield code="r">2012-12-04 00:00:00</subfield>
    <subfield code="t">V.11 Ej.1</subfield>
    <subfield code="w">2012-12-04</subfield>
    <subfield code="x">Donaci&#xF3;n</subfield>
    <subfield code="y">INFORME</subfield>
  </datafield>
  <datafield tag="952" ind1=" " ind2=" ">
    <subfield code="0">0</subfield>
    <subfield code="1">0</subfield>
    <subfield code="2">z</subfield>
    <subfield code="4">0</subfield>
    <subfield code="7">0</subfield>
    <subfield code="8">GENERAL</subfield>
    <subfield code="I">INV2017</subfield>
    <subfield code="a">Bogota</subfield>
    <subfield code="b">Bogota</subfield>
    <subfield code="d">1998-10-07</subfield>
    <subfield code="l">0</subfield>
    <subfield code="o">LB-00721</subfield>
    <subfield code="p">001042</subfield>
    <subfield code="r">2012-12-04 00:00:00</subfield>
    <subfield code="t">V.12 Ej.1</subfield>
    <subfield code="w">2012-12-04</subfield>
    <subfield code="x">Donaci&#xF3;n</subfield>
    <subfield code="y">INFORME</subfield>
  </datafield>
  <datafield tag="952" ind1=" " ind2=" ">
    <subfield code="0">0</subfield>
    <subfield code="1">0</subfield>
    <subfield code="2">z</subfield>
    <subfield code="4">0</subfield>
    <subfield code="7">0</subfield>
    <subfield code="8">GENERAL</subfield>
    <subfield code="I">INV2017</subfield>
    <subfield code="a">Bogota</subfield>
    <subfield code="b">Bogota</subfield>
    <subfield code="d">1998-10-07</subfield>
    <subfield code="l">0</subfield>
    <subfield code="o">LB-00721</subfield>
    <subfield code="p">001043</subfield>
    <subfield code="r">2012-12-04 00:00:00</subfield>
    <subfield code="t">V.13 Ej.1</subfield>
    <subfield code="w">2012-12-04</subfield>
    <subfield code="x">Donaci&#xF3;n</subfield>
    <subfield code="y">INFORME</subfield>
  </datafield>
  <datafield tag="952" ind1=" " ind2=" ">
    <subfield code="0">0</subfield>
    <subfield code="1">0</subfield>
    <subfield code="2">z</subfield>
    <subfield code="4">0</subfield>
    <subfield code="7">0</subfield>
    <subfield code="8">GENERAL</subfield>
    <subfield code="I">INV2017</subfield>
    <subfield code="a">Bogota</subfield>
    <subfield code="b">Bogota</subfield>
    <subfield code="d">1998-10-07</subfield>
    <subfield code="l">0</subfield>
    <subfield code="o">LB-00721</subfield>
    <subfield code="p">001044</subfield>
    <subfield code="r">2012-12-04 00:00:00</subfield>
    <subfield code="t">V.13 Ej.2</subfield>
    <subfield code="w">2012-12-04</subfield>
    <subfield code="x">Donaci&#xF3;n</subfield>
    <subfield code="y">INFORME</subfield>
  </datafield>
  <datafield tag="952" ind1=" " ind2=" ">
    <subfield code="0">0</subfield>
    <subfield code="1">0</subfield>
    <subfield code="2">z</subfield>
    <subfield code="4">0</subfield>
    <subfield code="7">0</subfield>
    <subfield code="8">GENERAL</subfield>
    <subfield code="I">INV2017</subfield>
    <subfield code="a">Bogota</subfield>
    <subfield code="b">Bogota</subfield>
    <subfield code="d">1998-10-07</subfield>
    <subfield code="l">0</subfield>
    <subfield code="o">LB-00721</subfield>
    <subfield code="p">001046</subfield>
    <subfield code="r">2012-12-04 00:00:00</subfield>
    <subfield code="t">V.14 Ej.1</subfield>
    <subfield code="w">2012-12-04</subfield>
    <subfield code="x">Donaci&#xF3;n</subfield>
    <subfield code="y">INFORME</subfield>
  </datafield>
  <datafield tag="952" ind1=" " ind2=" ">
    <subfield code="0">0</subfield>
    <subfield code="1">0</subfield>
    <subfield code="2">z</subfield>
    <subfield code="4">0</subfield>
    <subfield code="7">0</subfield>
    <subfield code="8">GENERAL</subfield>
    <subfield code="I">INV2017</subfield>
    <subfield code="a">Bogota</subfield>
    <subfield code="b">Bogota</subfield>
    <subfield code="d">1998-10-07</subfield>
    <subfield code="l">0</subfield>
    <subfield code="o">LB-00721</subfield>
    <subfield code="p">001047</subfield>
    <subfield code="r">2012-12-04 00:00:00</subfield>
    <subfield code="t">V.16 Ej.1</subfield>
    <subfield code="w">2012-12-04</subfield>
    <subfield code="x">Donaci&#xF3;n</subfield>
    <subfield code="y">INFORME</subfield>
  </datafield>
  <datafield tag="952" ind1=" " ind2=" ">
    <subfield code="0">0</subfield>
    <subfield code="1">0</subfield>
    <subfield code="2">z</subfield>
    <subfield code="4">0</subfield>
    <subfield code="7">0</subfield>
    <subfield code="8">GENERAL</subfield>
    <subfield code="I">INV2017</subfield>
    <subfield code="a">Bogota</subfield>
    <subfield code="b">Bogota</subfield>
    <subfield code="d">1998-10-07</subfield>
    <subfield code="l">0</subfield>
    <subfield code="o">LB-00721</subfield>
    <subfield code="p">016246</subfield>
    <subfield code="r">2012-12-04 00:00:00</subfield>
    <subfield code="t">V.9 Ej.2</subfield>
    <subfield code="w">2012-12-04</subfield>
    <subfield code="x">Donaci&#xF3;n</subfield>
    <subfield code="y">INFORME</subfield>
  </datafield>
  <datafield tag="952" ind1=" " ind2=" ">
    <subfield code="0">0</subfield>
    <subfield code="1">0</subfield>
    <subfield code="2">z</subfield>
    <subfield code="4">0</subfield>
    <subfield code="7">0</subfield>
    <subfield code="8">GENERAL</subfield>
    <subfield code="I">INV2017</subfield>
    <subfield code="a">Bogota</subfield>
    <subfield code="b">Bogota</subfield>
    <subfield code="d">1998-10-07</subfield>
    <subfield code="l">0</subfield>
    <subfield code="o">LB-00721</subfield>
    <subfield code="p">001048</subfield>
    <subfield code="r">2012-12-04 00:00:00</subfield>
    <subfield code="t">Ej.1</subfield>
    <subfield code="w">2012-12-04</subfield>
    <subfield code="x">Donaci&#xF3;n</subfield>
    <subfield code="y">INFORME</subfield>
    <subfield code="z">No.18 y 19</subfield>
  </datafield>
  <datafield tag="952" ind1=" " ind2=" ">
    <subfield code="0">0</subfield>
    <subfield code="1">0</subfield>
    <subfield code="2">z</subfield>
    <subfield code="4">0</subfield>
    <subfield code="7">0</subfield>
    <subfield code="8">GENERAL</subfield>
    <subfield code="I">INV2017</subfield>
    <subfield code="a">Bogota</subfield>
    <subfield code="b">Bogota</subfield>
    <subfield code="d">1998-10-07</subfield>
    <subfield code="l">0</subfield>
    <subfield code="o">LB-00721</subfield>
    <subfield code="p">001049</subfield>
    <subfield code="r">2012-12-04 00:00:00</subfield>
    <subfield code="t">Ej.1</subfield>
    <subfield code="w">2012-12-04</subfield>
    <subfield code="x">Donaci&#xF3;n</subfield>
    <subfield code="y">INFORME</subfield>
    <subfield code="z">No. 20</subfield>
  </datafield>
  <datafield tag="952" ind1=" " ind2=" ">
    <subfield code="0">0</subfield>
    <subfield code="1">0</subfield>
    <subfield code="2">z</subfield>
    <subfield code="4">0</subfield>
    <subfield code="7">0</subfield>
    <subfield code="8">GENERAL</subfield>
    <subfield code="I">INV2017</subfield>
    <subfield code="a">Bogota</subfield>
    <subfield code="b">Bogota</subfield>
    <subfield code="d">1998-10-07</subfield>
    <subfield code="l">0</subfield>
    <subfield code="o">LB-00721</subfield>
    <subfield code="p">001050</subfield>
    <subfield code="r">2012-12-04 00:00:00</subfield>
    <subfield code="t">Ej.1</subfield>
    <subfield code="w">2012-12-04</subfield>
    <subfield code="x">Donaci&#xF3;n</subfield>
    <subfield code="y">INFORME</subfield>
    <subfield code="z">No. 21</subfield>
  </datafield>
  <datafield tag="952" ind1=" " ind2=" ">
    <subfield code="0">0</subfield>
    <subfield code="1">0</subfield>
    <subfield code="2">z</subfield>
    <subfield code="4">0</subfield>
    <subfield code="7">0</subfield>
    <subfield code="8">GENERAL</subfield>
    <subfield code="I">INV2017</subfield>
    <subfield code="a">Bogota</subfield>
    <subfield code="b">Bogota</subfield>
    <subfield code="d">1998-10-07</subfield>
    <subfield code="l">0</subfield>
    <subfield code="o">LB-00721</subfield>
    <subfield code="p">001051</subfield>
    <subfield code="r">2012-12-04 00:00:00</subfield>
    <subfield code="t">Ej.1</subfield>
    <subfield code="w">2012-12-04</subfield>
    <subfield code="x">Donaci&#xF3;n</subfield>
    <subfield code="y">INFORME</subfield>
    <subfield code="z">No. 22</subfield>
  </datafield>
  <datafield tag="952" ind1=" " ind2=" ">
    <subfield code="0">0</subfield>
    <subfield code="1">0</subfield>
    <subfield code="2">z</subfield>
    <subfield code="4">0</subfield>
    <subfield code="7">0</subfield>
    <subfield code="8">GENERAL</subfield>
    <subfield code="I">INV2017</subfield>
    <subfield code="a">Bogota</subfield>
    <subfield code="b">Bogota</subfield>
    <subfield code="d">1998-10-07</subfield>
    <subfield code="l">0</subfield>
    <subfield code="o">LB-00721</subfield>
    <subfield code="p">001052</subfield>
    <subfield code="r">2012-12-04 00:00:00</subfield>
    <subfield code="t">Ej.1</subfield>
    <subfield code="w">2012-12-04</subfield>
    <subfield code="x">Donaci&#xF3;n</subfield>
    <subfield code="y">INFORME</subfield>
    <subfield code="z">No. 23</subfield>
  </datafield>
  <datafield tag="952" ind1=" " ind2=" ">
    <subfield code="0">0</subfield>
    <subfield code="1">0</subfield>
    <subfield code="2">z</subfield>
    <subfield code="4">0</subfield>
    <subfield code="7">0</subfield>
    <subfield code="8">GENERAL</subfield>
    <subfield code="I">INV2017</subfield>
    <subfield code="a">Bogota</subfield>
    <subfield code="b">Bogota</subfield>
    <subfield code="d">1998-10-07</subfield>
    <subfield code="l">0</subfield>
    <subfield code="o">LB-00721</subfield>
    <subfield code="p">001053</subfield>
    <subfield code="r">2012-12-04 00:00:00</subfield>
    <subfield code="t">Ej.1</subfield>
    <subfield code="w">2012-12-04</subfield>
    <subfield code="x">Donaci&#xF3;n</subfield>
    <subfield code="y">INFORME</subfield>
    <subfield code="z">No. 24</subfield>
  </datafield>
  <datafield tag="952" ind1=" " ind2=" ">
    <subfield code="0">0</subfield>
    <subfield code="1">0</subfield>
    <subfield code="2">z</subfield>
    <subfield code="4">0</subfield>
    <subfield code="7">0</subfield>
    <subfield code="8">GENERAL</subfield>
    <subfield code="I">INV2017</subfield>
    <subfield code="a">Bogota</subfield>
    <subfield code="b">Bogota</subfield>
    <subfield code="d">1998-10-07</subfield>
    <subfield code="l">0</subfield>
    <subfield code="o">LB-00721</subfield>
    <subfield code="p">001054</subfield>
    <subfield code="r">2012-12-04 00:00:00</subfield>
    <subfield code="t">Ej.1</subfield>
    <subfield code="w">2012-12-04</subfield>
    <subfield code="x">Donaci&#xF3;n</subfield>
    <subfield code="y">INFORME</subfield>
    <subfield code="z">No. 25</subfield>
  </datafield>
  <datafield tag="952" ind1=" " ind2=" ">
    <subfield code="0">0</subfield>
    <subfield code="1">0</subfield>
    <subfield code="2">z</subfield>
    <subfield code="4">0</subfield>
    <subfield code="7">0</subfield>
    <subfield code="8">GENERAL</subfield>
    <subfield code="I">INV2017</subfield>
    <subfield code="a">Bogota</subfield>
    <subfield code="b">Bogota</subfield>
    <subfield code="d">1998-10-07</subfield>
    <subfield code="l">0</subfield>
    <subfield code="o">LB-00721</subfield>
    <subfield code="p">001055</subfield>
    <subfield code="r">2012-12-04 00:00:00</subfield>
    <subfield code="t">Ej.1</subfield>
    <subfield code="w">2012-12-04</subfield>
    <subfield code="x">Donaci&#xF3;n</subfield>
    <subfield code="y">INFORME</subfield>
    <subfield code="z">No. 26</subfield>
  </datafield>
  <datafield tag="952" ind1=" " ind2=" ">
    <subfield code="0">0</subfield>
    <subfield code="1">0</subfield>
    <subfield code="2">z</subfield>
    <subfield code="4">0</subfield>
    <subfield code="7">0</subfield>
    <subfield code="8">GENERAL</subfield>
    <subfield code="I">INV2017</subfield>
    <subfield code="a">Bogota</subfield>
    <subfield code="b">Bogota</subfield>
    <subfield code="d">1998-10-07</subfield>
    <subfield code="l">0</subfield>
    <subfield code="o">LB-00721</subfield>
    <subfield code="p">001056</subfield>
    <subfield code="r">2012-12-04 00:00:00</subfield>
    <subfield code="t">Ej.1</subfield>
    <subfield code="w">2012-12-04</subfield>
    <subfield code="x">Donaci&#xF3;n</subfield>
    <subfield code="y">INFORME</subfield>
    <subfield code="z">No. 27</subfield>
  </datafield>
  <datafield tag="952" ind1=" " ind2=" ">
    <subfield code="0">0</subfield>
    <subfield code="1">0</subfield>
    <subfield code="2">z</subfield>
    <subfield code="4">0</subfield>
    <subfield code="7">0</subfield>
    <subfield code="8">GENERAL</subfield>
    <subfield code="I">INV2017</subfield>
    <subfield code="a">Bogota</subfield>
    <subfield code="b">Bogota</subfield>
    <subfield code="d">1998-10-07</subfield>
    <subfield code="l">0</subfield>
    <subfield code="o">LB-00721</subfield>
    <subfield code="p">001057</subfield>
    <subfield code="r">2012-12-04 00:00:00</subfield>
    <subfield code="t">Ej.1</subfield>
    <subfield code="w">2012-12-04</subfield>
    <subfield code="x">Donaci&#xF3;n</subfield>
    <subfield code="y">INFORME</subfield>
    <subfield code="z">No. 28</subfield>
  </datafield>
  <datafield tag="952" ind1=" " ind2=" ">
    <subfield code="0">0</subfield>
    <subfield code="1">0</subfield>
    <subfield code="2">z</subfield>
    <subfield code="4">0</subfield>
    <subfield code="7">0</subfield>
    <subfield code="8">GENERAL</subfield>
    <subfield code="I">INV2017</subfield>
    <subfield code="a">Bogota</subfield>
    <subfield code="b">Bogota</subfield>
    <subfield code="d">1998-10-07</subfield>
    <subfield code="l">1</subfield>
    <subfield code="o">LB-00721</subfield>
    <subfield code="p">001058</subfield>
    <subfield code="r">2018-10-04 00:00:00</subfield>
    <subfield code="s">2018-10-04</subfield>
    <subfield code="t">Ej.1</subfield>
    <subfield code="w">2012-12-04</subfield>
    <subfield code="x">Donaci&#xF3;n</subfield>
    <subfield code="y">INFORME</subfield>
    <subfield code="z">No. 29</subfield>
  </datafield>
  <datafield tag="952" ind1=" " ind2=" ">
    <subfield code="0">0</subfield>
    <subfield code="1">0</subfield>
    <subfield code="2">z</subfield>
    <subfield code="4">0</subfield>
    <subfield code="7">0</subfield>
    <subfield code="8">GENERAL</subfield>
    <subfield code="I">INV2017</subfield>
    <subfield code="a">Bogota</subfield>
    <subfield code="b">Bogota</subfield>
    <subfield code="d">1998-10-07</subfield>
    <subfield code="l">0</subfield>
    <subfield code="o">LB-00721</subfield>
    <subfield code="p">001059</subfield>
    <subfield code="r">2012-12-04 00:00:00</subfield>
    <subfield code="t">Ej.1</subfield>
    <subfield code="w">2012-12-04</subfield>
    <subfield code="x">Donaci&#xF3;n</subfield>
    <subfield code="y">INFORME</subfield>
    <subfield code="z">No. 30</subfield>
  </datafield>
</record>
